عرض عادي عرض مارك
  • Bradley, Gerald L.,

مدخل إسم شخص

عدد التسجيلات المستخدمة في: 1

001 - رقم الضبط

  • حقل الضبط: 4654

003 - معرف رقم الضبط

  • حقل الضبط: OSt

005 - تاريخ ووقت أخر عملية

  • حقل الضبط: 20110920173846.0

008 - عناصر بيانات ثابتة الطول

  • حقل تحكم ثابت الطول: 110920|||a|||||| | ||| d

040 ## - مصدر الفهرسة

  • هيئة الفهرسة الأصلية: OSt
  • وكالة الكتابة: OSt

100 ## - مدخل -- أسم شخص

  • إسم شخص: Bradley, Gerald L.,
  • تواريخ مرتبطة بالاسم: 1940-

670 ## - بيانات المصدر موجوده

  • الاستشهاد بالمصدر: Work cat.: (OSt)0: Hoffmann, Laurence D., 1943- 4653, Calculus for business, economics, and the social and life sciences., c2004.